Meeting international standards V.2 : bank economists conference, 2003 (Record no. 181401)

MARC details
000 -LEADER
fixed length control field 00467nam a2200169Ia 4500
008 - FIXED-LENGTH DATA ELEMENTS--GENERAL INFORMATION
fixed length control field 231217s9999 xx 000 0 und d
020 ## - INTERNATIONAL STANDARD BOOK NUMBER
International Standard Book Number 817881336X
041 ## - LANGUAGE CODE
Language code of text/sound track or separate title English
082 ## - DEWEY DECIMAL CLASSIFICATION NUMBER
Classification number 658.401 NAG.2;1 R
100 ## - MAIN ENTRY--PERSONAL NAME
Personal name Nagarajan, N ed.
245 #0 - TITLE STATEMENT
Title Meeting international standards V.2 : bank economists conference, 2003
260 ## - PUBLICATION, DISTRIBUTION, ETC.
Date of publication, distribution, etc. 2004
Name of publisher, distributor, etc. ICFAI Press
Place of publication, distribution, etc. Hyderabad
300 ## - PHYSICAL DESCRIPTION
Extent xii, 191
500 ## - GENERAL NOTE
General note Content page available
650 ## - SUBJECT ADDED ENTRY--TOPICAL TERM
Topical term or geographic name entry element ICFAI
942 ## - ADDED ENTRY ELEMENTS (KOHA)
Koha item type Books
Holdings
Date last seen Total checkouts Full call number Accession number Uniform resource identifier Cost, total (INR) price Price effective from Category Lost status Damaged status Department Withdrawn status Home library Current library Shelving location Entry date Vendor Cost, normal purchase price Grants Billnumber Billdate Currency symbol Conversion rate Discount Old discount Public note
26/01/2024   658.401 NAG.2;1 R 51112 digital/contents/51112.pdf 125.00 26/01/2024 Books     Central Library   Central Library Central Library Central Library 30/10/2008 ICFAI Press 125.00 MBA ICFAI/108/ICFAI/08-09/BLR 11/11/2011 RS 1      
26/01/2024   658.401 NAG.2;2 R1 64933 digital/contents/51112.pdf 38.00 26/01/2024 Books     F-Block Annex   Central Library Central Library F-Block Library Annex 08/09/2010 ICFAI Press 38.00 MBA 1993 25/02/2014 RS 1     64933
26/01/2024   658.401 NAG.2;3 64934 digital/contents/51112.pdf 38.00 26/01/2024 Books     Central Library   Central Library Central Library Central Library 08/09/2010 ICFAI Press 38.00 MBA 1993 25/02/2014 RS 1     64934
26/01/2024   658.401 NAG.2;4 65653 digital/contents/51112.pdf 38.00 26/01/2024 Books     Central Library   Central Library Central Library Central Library 16/09/2010 ICFAI Press 38.00 MBA 1993 25/02/2014 RS 1     65653
26/01/2024   658.401 NAG.2;5 65654 digital/contents/51112.pdf 38.00 26/01/2024 Books     Central Library   Central Library Central Library Central Library 16/09/2010 ICFAI Press 38.00 MBA 1993 25/02/2014 RS 1     65654
26/01/2024   658.401 NAG.2;6 71547 digital/contents/51112.pdf 38.00 26/01/2024 Books     Central Library   Central Library Central Library Central Library 28/10/2010 ICFAI Press 38.00 MBA 1993 24/02/2015 RS 1     71547

© For any Suggestions or Query, please contact the library staff @ librarian@pes.edu or Phone: +9180 2672 1983/ 2108.